Les armées du Roi : Le grand chantier - XVIIe-XVIIIe siècle (notice n° 1925669)
[ vue normale ]
| 000 -LEADER | |
|---|---|
| fixed length control field | 01486cam a2200133 4500500 |
| 005 - DATE AND TIME OF LATEST TRANSACTION | |
| control field | 20260329023231.0 |
| 041 ## - LANGUAGE CODE | |
| Language code of text/sound track or separate title | fre |
| 042 ## - AUTHENTICATION CODE | |
| Authentication code | dc |
| 100 10 - MAIN ENTRY--PERSONAL NAME | |
| Personal name | Chaline, Olivier |
| Relator term | author |
| 245 00 - TITLE STATEMENT | |
| Title | Les armées du Roi : Le grand chantier - XVIIe-XVIIIe siècle |
| 260 ## - PUBLICATION, DISTRIBUTION, ETC. | |
| Name of publisher, distributor, etc. | Armand Colin,<br/> |
| Date of publication, distribution, etc. | 2016.<br/> |
| 520 ## - SUMMARY, ETC. | |
| Summary, etc. | Comment la France est-elle devenue une grande puissance militaire, la première sur terre et sur mer sous Louis XIV ?Trois siècles durant, un effort colossal a été exigé du royaume par les monarques Bourbon pour former, équiper et entretenir armées et flottes. De ce gigantesque investissement humain, financier, matériel, technologique, logistique et réglementaire sont nés des régiments, des forteresses, des vaisseaux soutenus par un formidable appareil productif fait d’ateliers, de forges, d’arsenaux utilisant les ressources du vaste royaume terrien mais aussi celles d’autres pays.C’est l’histoire de ce grand chantier, qui a mobilisé autour du roi « absolu » le concours de tous ses sujets, que nous raconte ici Olivier Chaline.Et si la grandeur de la France avait été, davantage et plus longtemps qu’on ne l’imagine, le résultat d’un élan conjoint ?Les Armées du Roi ont été récompensées en 2017 par le prix Chassin-Dufour, de l'Académie de Bordeaux, et par le prix Robert-Christophe, des Ecrivains combattants. |
| 856 41 - ELECTRONIC LOCATION AND ACCESS | |
| Uniform Resource Identifier | <a href="https://shs.cairn.info/les-armees-du-roi--9782200614157?lang=fr&redirect-ssocas=7080">https://shs.cairn.info/les-armees-du-roi--9782200614157?lang=fr&redirect-ssocas=7080</a> |
Pas d'exemplaire disponible.




Réseaux sociaux